BIBLIOTECA

SENCICO

Renzo Piano 1937: la poesía del vuelo (Registro nro. 2590)

Detalles MARC
000 -LEADER
fixed length control field 00610nam a2200229Ia 4500
005 - DATE AND TIME OF LATEST TRANSACTION
control field 20251020182547.0
008 - FIXED-LENGTH DATA ELEMENTS--GENERAL INFORMATION
fixed length control field 200515s9999 xx 000 0 und d
020 ## - INTERNATIONAL STANDARD BOOK NUMBER
International Standard Book Number 97838365-3066-8
082 ## - DEWEY DECIMAL CLASSIFICATION NUMBER
Classification number 747:749.9/J63P
100 ## - MAIN ENTRY--PERSONAL NAME
Personal name Jodidio, Philip
245 #0 - TITLE STATEMENT
Title Renzo Piano 1937: la poesía del vuelo
260 ## - PUBLICATION, DISTRIBUTION, ETC.
Place of publication, distribution, etc. Colonia
260 ## - PUBLICATION, DISTRIBUTION, ETC.
Name of publisher, distributor, etc. Taschen
260 ## - PUBLICATION, DISTRIBUTION, ETC.
Date of publication, distribution, etc. 2012
300 ## - PHYSICAL DESCRIPTION
Extent 95 p.
300 ## - PHYSICAL DESCRIPTION
Other physical details il.
520 ## - SUMMARY, ETC.
Summary, etc. Vida y obra del Arquitecto Renzo Piano con su obra majestusa, la arquitectura del Centro Georges Pompidou
650 ## - SUBJECT ADDED ENTRY--TOPICAL TERM
Topical term or geographic name entry element ARQUITECTOS
650 ## - SUBJECT ADDED ENTRY--TOPICAL TERM
Topical term or geographic name entry element PIANO
942 ## - ADDED ENTRY ELEMENTS (KOHA)
Koha item type Libros
Existencias
Fecha de la última vez que lo usaron Pago total Signatura topográfica completa Código de barras Precio efectivo desde Tipo de documento Estado perdido Estado dañado No es para préstamo Retirado Ubicación permanente Ubicación actual Fecha de adquisición
15/05/2020   747:749.9/J63P Bib-Lima15052590 15/05/2020 Libros         Biblioteca Central Lima Biblioteca Central Lima 15/05/2020